header

Asking questions (Record no. 22392)

MARC details
000 -LEADER
fixed length control field 01647nam a22003374a 4500
082 04 - DEWEY DECIMAL CLASSIFICATION NUMBER
Classification number 401/.4
100 1# - MAIN ENTRY--AUTHOR NAME
Personal name Fiengo, Robert,
245 10 - TITLE STATEMENT
Title Asking questions
260 ## - PUBLICATION, DISTRIBUTION, ETC. (IMPRINT)
Place of publication Oxford :
Name of publisher New York :
-- University Press,
Year of publication [2007]
300 ## - PHYSICAL DESCRIPTION
Number of Pages xii, 179 p.
505 0# - FORMATTED CONTENTS NOTE
Formatted contents note Ignorance and incompleteness -- The instrumental model of talking : how to talk about talk -- Open questions, confirmation questions, and how to choose -- Which sentence-type to use when asking them -- Quantifiers, wh-expressions, and manners of interpretation -- Syntactic structure -- On the questioning speech-acts and the kinds of ignorance they -- Address.
650 #0 - SUBJECT ADDED ENTRY--TOPICAL TERM
Topical Term Ignorance (Theory of knowledge)
Topical Term Knowledge, Theory of
Topical Term Questioning.
Topical Term Rhetoric.
856 40 - ELECTRONIC LOCATION AND ACCESS
Uniform Resource Identifier http://site.ebrary.com/lib/rucke/Doc?id=10271707

No items available.

© 2026 Rongo University
Contact us: librarian | system librarian | Rongo university